000 00875nam a2200229 a 4500
005 20191224041733.0
008 140314s2004 ck abdofr|||| 000 0 spa d
020 _a9589742025
040 _aCO-BoIAVH
_cCO-BoIAVH
041 0 _aspa
044 _ack
082 0 4 _a333.7516
_bI59c
110 2 _aInstituto Amazónico de Investigaciones Científicas, SINCHI
245 1 0 _aConservación, manejo y aprovechamiento sostenible del bosque en el área de colonización del Guaviare
260 _aSan José del Guaviare :
_bSINCHI,
_c2004.
300 _a230 páginas :
_bIlustraciones a color, mapas a color, gráficos a color, fotografías a color ;
_c28 x 22 cm.
650 1 6 _aAprovechamiento sostenible
650 2 6 _aSistemas agroforestales
650 2 6 _aSistemas silvopastoriles
700 1 _aGiraldo Venavies, Bernardo
942 _cLIBRO
_2ddc
999 _c4361
_d4361